1701 1713 1542 1867 1395 1375 1254 1618 1243 1055 1711 1752 1124 1764 1057 1079 1580 1137 1265 1656 1598 1461 1909 1465 1835 1976 1039 1640 1927 1040 1490 1743 1912 1191 1885 1838 1879 1334 1377 1939 1320 1758 1641 1523 1801 1552 1684 1361 1174 1773 1400 1542 1909 1065 1676 1497 1919 1355 1652 1126 1441 1744 1972 1721 1657 1205 1103 1336 1624 1297 1405 1295 1048 1883 1527 1153 1687 1093 1001 1806 1307 1716 1759 1422 1452 1682 1513 1182 1627 1261 1074 1122 1310 1421 1029 1971 1237 1747 1738 BCNSPRNW ULIB Ver.6.0+V

เปลี่ยนเป็นภาษาไทย

Change to English
 แสดงรายละเอียดบรรณานุกรม
  กลับหน้าหลัก

Brief Record : Get Marc (ISO 2709) : E-mail record : QR code < ปิดหน้าต่าง
LEADER : 00000nam 2200000uu 4500
001    13399125927
003     ULIB
008    171031s2560||||th 000 0 tha d
020    ^aa9789990120011
060    ^aQT255^bจ138ห
100    ^aจตุรงค์ เหมรา.
245    ^aหลักการและการปฏิบัติ : การทดสอบสมรรถภาพทางกาย/^bจตุรงค์ เหมรา.
260    ^aลำปาง :^bลำปางบรรณกิจพริ้นติ้ง,^c2560
300    ^a333 หน้า;^c30 ซม.
650    ^aการออกกำลังกาย
650  0 ^aการทดสอบสมรรถภาพ
945    ^p350^l0^i25678
945    ^p350^l0^i25679
999    ^aกัณชพร จุลอักษร
รายการนี้ยังไม่มีแท็ก
คุณยังไม่ได้ล็อกอิน คุณสามารถมีกิจกรรมร่วมกับเว็บไซต์ได้ แต่ต้องล็อกอินก่อน ::
  ล็อกอิน

รายการสื่อสารสนเทศ

ลำดับที่ ประเภท เลขเรียก/บาร์โค้ด สถานที่ สถานะ
1. หนังสือสำรอง
หนังสือสำรอง
QT255 จ138ห ฉ.1 
  Barcode: 25678
ห้องสมุดวิทยาเขตนครสวรรค์
►หนังสือทั่วไป:l:General Books
บนชั้น
2. วิทยาศาสตร์การแพทย์ และสุขภาพ
วิทยาศาสตร์การแพทย์ และสุขภาพ
QT255 จ138ห ฉ.2 
  Barcode: 25679
ห้องสมุดวิทยาเขตนครสวรรค์
►หนังสือทั่วไป:l:General Books
บนชั้น

รายการใกล้เคียง
    หัวเรื่อง [การออกกำลังกาย]
    หัวเรื่อง [การทดสอบสมรรถภาพ]

BibComment


ยังไม่เคยถูกคอมเมนท์

คอมเมนท์ทรัพยากรรายการนี้
  คอมเมนท์: หลักการและการปฏิ..


 Copyright 2026. Bcnsprnw @Library